000 01027nam a2200277Ia 4500
003 GCL
008 140319s9999 xx 000 0 ara d
020 _a2293270977
040 _aGCL /
_cGCL
082 0 4 _a025.3
_bج ق
100 1 _aمحمد فتحى عبدالهادى
245 1 0 _aقواعد الفهرسة الانجلو امريكية :
_bالطبعة الثانية مراجعة 1988 مع تعديلات 1993 /
_cمحمد فتحى عبدالهادى
700 1 _aجورمان، ميشيل
700 1 _aونكلر,بول . و
700 1 _aنبيلة خليفة جمعة
700 1 _aيسرية عبدالحليم زايد
260 _aالقاهرة :
_bالدار المصرية اللبنانية ،
_c1996
300 _a566 ص ؛
_c24 سم
490 _a
650 0 4 _aالمعارف العامة
650 0 4 _aالفهرسة
650 0 4 _aالمكتبات
650 0 4 _aالتقنين الانجلو امريكى للفهرسة
650 0 4 _aالفهرسة الوصفية
942 _2ddc
_cBK
999 _c29110
_d29110